00302 a2200133 450000100060000002000180000604000220002410000170004624000350006324500300009830000080012836200090013665000230014568346 a9788532908254 cAnchieta - Pituba aMota, Marcos10aO cemitério dos anõeslpor10aO cemitério dos anões a2000 a2017 4aLiteratura juvenil